Science Quiz

Random Science or Elements Quiz

Alkali Metals Quiz Stats

 Plays Quiz Updated Sep 5, 2019

Score 0/6 Timer 01:00
5 Plays Today
% Correct
Sodium
88.3%
Lithium
85.2%
Potassium
83.8%
Francium
63.9%
Cesium
62.3%
Rubidium
50.7%

You're not logged in!

Compare scores with friends on all Sporcle quizzes.
OR
Log In

Sporcle TV

Today on Sporcle TV


Watch our educational content, quiz creation guides, and fun videos on Sporcle TV.

Show Comments

Extras

Top Quizzes Today


Score Distribution

Your Account Isn't Verified!

In order to create a playlist on Sporcle, you need to verify the email address you used during registration. Go to your Sporcle Settings to finish the process.

Report this User

Report this user for behavior that violates our Community Guidelines.

Details: